000 00801nam a2200217 i 4500
001 173417
003 ES-MaACL
005 20230906215232.0
008 091201s1979 pr f |||| |bspa d
020 _a0-8477-0857-8
080 _a929 Iglesias Pantín, Santiago:327.32
080 _a327.32(729.5)"19"
100 1 _aCórdova, Gonzalo F.
_9152271
245 1 0 _aSantiago Iglesias, creador del movimiento obrero de Puerto Rico /
_cGonzalo F. Córdova ; [traducción del inglés de Sara Irizarry Concepción].
260 _aRío Piedras, Puerto Rico :
_bEditorial Universitaria,
_c1979.
300 _a231 p., [5] h. de lám. ;
_c22 cm.
500 _aÍndice.
600 1 4 _aIglesias Pantín, Santiago.
_9152272
650 _aMovimiento obrero-
_zPuerto Rico.
_9152273
852 _aES-MaACL
_jC-57008
999 _c173417
_d173417